Statistics for 1968 year quiz

Click here to take the quiz!

General Stats

  • This quiz has been taken 40 times
  • The average score is 6 of 10

Answer Stats

HintAnswer% Correct
France first tests one of these in the South PacificNuclear bomb
87%
Yale University opens its doors to these peopleWomen
85%
Tommy Smith and John Carlos raise black-gloved fists at this Mexico City eventOlympics
79%
Alexander Dubcek leads a 'spring' uprising herePrague
54%
Charlton Heston lands herePlanet of the Apes
51%
Bobby Kennedy is shot dead in Los Angeles by this manSirhan Sirhan
51%
This space-age pioneer dies in a plane crashYuri Gagarin
51%
Arrest of these twins ends their criminal reign over London underworldRonnie and Reggie Kray
49%
US troops massacre between 347-504 unarmed civilians in this villageMy Lai
33%
This anti-immigrant British politicians warns of 'rivers of blood'Enoch Powell
31%

Score Distribution

Percentile by Number Answered

Percent of People with Each Score

Your Score History

You have not taken this quiz